00000000nam##2200000za#4500
0019.546422
003CaOODSP
00520210615091626
007ta
008150406|2008||||xxc|||||     f|0| 0 eng|d
022 |a0706-6473
040 |aCaOODSP|beng
041 |aeng
041 |afre
043 |an-cn---
0861 |aFs97-4/2853
1101 |aCanada. |bDepartment of Fisheries and Oceans.
24510|aNational workshop proceedings. Development of Coastal Tools for Integrated Management / |c[by] Matthew Hardy and Roland Cormier.
260 |bFisheries and Oceans Canada |cc2008.
300 |aiv, 19p. : |bfigs. (some coloured), references ; |c28 cm.
4901 |aCanadian manuscript report of fisheries and aquatic sciences|x0706-6473|vNo. 2853
500 |aIncorrect catalogue number (Fs97-4/2008E) printed in this publication. "Oceans and Habitat Management, Fisheries and Oceans Canada, 343 University Ave., P.O. Box 5030, Moncton, NB, EC1 9B6".
563 |aSoftcover
590 |a08-31|b2008-08-01
7201 |aHardy, Matthew
7201 |aCormier, Roland
7760#|tCompte rendu d'atelier national. Développement d'outils pour la gestion intégrée en zone côtière / |w(CaOODSP)9.590200
792 |tCompte rendu d'atelier national. Développement d'outils pour la gestion intégrée en zone côtière / |efre|w(CaOODSP)9.546423
830#0|aCanadian manuscript report of fisheries and aquatic sciences,|x0706-6473|vNo. 2853|w(CaOODSP)9.509370